Quel est le premier européen à atteindre ces îles ? - Statistiques

Statistiques générales
  • Ce quiz a été pris 48 fois
  • Le résultat moyen est 37 sur 100
Statistiques - réponses
Île ou Archipel Année Pays Actuel Réponse % Correct
Martinique 1499-1502 France Alonso de Ojeda | Christophe Colomb
86%
Bahamas 1492 Bahamas Christophe Colomb
86%
Cuba 1492 Cuba Christophe Colomb
86%
Hispaniola 1492 Haïti, République dominicaine Christophe Colomb
86%
Dominique 1493 Dominique Christophe Colomb
86%
Marie-Galante, Guadeloupe 1493 France Christophe Colomb
86%
Montserrat 1493 Royaume-Uni Christophe Colomb
86%
Antigua 1493 Antigua-et-Barbuda Christophe Colomb
86%
Niévès 1493 Saint-Christophe-et-Niévès Christophe Colomb
86%
Saba et Saint-Eustache 1493 Pays-Bas Christophe Colomb
86%
Saint-Barthélemy 1493 France Christophe Colomb
86%
Saint-Martin 1493 France, Pays-Bas Christophe Colomb
86%
Anguilla 1493 Royaume-Uni Christophe Colomb
86%
îles Vierges 1493 États-Unis, Royaume-Uni Christophe Colomb
86%
Porto Rico 1493 États-Unis Christophe Colomb
86%
Jamaïque 1494 Jamaïque Christophe Colomb
86%
La Trinité 1498 Trinité-et-Tobago Christophe Colomb
86%
Grenade 1498 Grenade Christophe Colomb
86%
Grenadines 1498 Saint-Vincent-et-les-Grenadines Christophe Colomb
86%
Margarita 1498 Venezuela Christophe Colomb
86%
San Andrès 1502 Colombie Christophe Colomb
86%
Îles Caïmans 1503 Royaume-Uni Christophe Colomb
86%
Mafia, Zanzibar 1498 Tanzanie Vasco de Gama
77%
Terre de Feu 1520 Argentine, Chili Fernand de Magellan
70%
Îles Tuamotu, Polynésie française 1521 France Fernand de Magellan
70%
Guam, îles Mariannes 1521 États-Unis Fernand de Magellan
70%
Îles Australes, Polynésie française 1769 France James Cook
68%
Nouvelle-Calédonie 1774 France James Cook
68%
Niue 1774 Nouvelle-Zélande James Cook
68%
Îles Sandwich du Sud 1775 Royaume-Uni James Cook
68%
Île d'Hawaï, Hawaï 1778 États-Unis James Cook
68%
Île de Vancouver, Colombie-Britannique 1774-1778 Canada Juan José Pérez Hernández | James Cook
68%
Île Marion, archipel du Prince-Édouard 1772-1776 Afrique du Sud Marc Joseph Marion du Fresne | James Cook
68%
Île-du-Prince-Édouard, Île-du-Prince-Édouard 1534 Canada Jacques Cartier
64%
Île d'Anticosti, Québec 1534 Canada Jacques Cartier
64%
Île de Baffin, Nunavut ~1000 Canada Leif Erikson
50%
Terre-Neuve, Terre-Neuve-et-Labrador ~1000 Canada Leif Erikson
50%
Bonaire 1499 Pays-Bas Alonso de Ojeda | Amerigo Vespucci
45%
Curaçao 1499 Pays-Bas Alonso de Ojeda | Amerigo Vespucci
45%
Aruba 1499 Pays-Bas Alonso de Ojeda | Amerigo Vespucci
45%
Îles Malouines 1502 Royaume-Uni Amerigo Vespucci
45%
Géorgie du Sud 1502-1675 Royaume-Uni Amerigo Vespucci | Anthony de la Roché
45%
Île de Disko, Groenland 982-985 Danemark Erik le Rouge
43%
Bioko 1472 Guinée équatoriale Fernando Pó
39%
Sumatra 1292 Indonésie Marco Polo
36%
Tasmanie, Tasmanie 1642 Australie Abel Tasman
25%
Nouvelle-Zélande 1642 Nouvelle-Zélande Abel Tasman
25%
Tongatapu 1643 Tonga Abel Tasman
25%
îles Fidji 1643 Fidji Abel Tasman
25%
Maui, Hawaï 1786 États-Unis Jean-François de La Pérouse
25%
Archipel Crozet, TAAF 1772 France Marc Joseph Marion du Fresne | Julien Crozet
23%
Îles Kerguelen, TAAF 1772 France Yves Joseph de Kerguelen de Trémarec
20%
Îles Aléoutiennes 1741 États-Unis, Russie Alekseï Tchirikov | Vitus Bering
16%
Île du Prince-de-Galles, Alaska 1741 États-Unis Alekseï Tchirikov | Vitus Bering
16%
Île de Gorée 1444 Sénégal Dinis Dias
16%
Madagascar 1500 Madagascar Diogo Dias
16%
La Réunion 1500 France Diogo Dias
16%
Île Maurice 1500 Maurice Diogo Dias
16%
Île Saint-Laurent, Alaska 1728 États-Unis Vitus Bering
16%
Île du Cap-Breton, Nouvelle-Écosse 1497 Canada Jean Cabot
11%
Archipel Juan Fernández 1574 Chili Juan Fernández
11%
Pitcairn 1767 Royaume-Uni Philip Carteret | Robert Pitcairn
11%
île Devon, Nunavut 1616 Canada Robert Bylot | William Baffin
11%
Îles Bass, Polynésie française 1791 France George Vancouver
9%
Nauru 1798 Nauru John Fearn
9%
îles Gilbert 1606 Kiribati Pedro Fernandes de Queirós
9%
Vanuatu 1606 Vanuatu Pedro Fernandes de Queirós
9%
Tristan da Cunha 1506 Royaume-Uni Tristan da Cunha
9%
Long Island, New York 1524 États-Unis Giovanni da Verrazzano
7%
Île de l'Ascension 1501 Royaume-Uni João da Nova
7%
Île Juan de Nova 1501 France João da Nova
7%
Sainte-Hélène 1502 Royaume-Uni João da Nova
7%
Îles Turques-et-Caïques 1512 Royaume-Uni Juan Ponce de León
7%
Key West, Floride 1513 États-Unis Juan Ponce de León
7%
Îles Marshall 1526 Îles Marshall Alonso de Salazar
2%
Tuvalu 1568 Tuvalu Álvaro de Mendaña
2%
Îles Salomon 1568 Îles Salomon Álvaro de Mendaña
2%
Îles Marquises, Polynésie française 1595 France Álvaro de Mendaña
2%
Îles Cook 1595 Nouvelle-Zélande Álvaro de Mendaña
2%
Bali 1512 Indonésie António de Abreu
2%
Timor 1512 Indonésie, Timor oriental António de Abreu
2%
Cap-Vert 1456 Cap-Vert Antonio de Noli
2%
Groenland 876-978 Danemark Gunnbjörn Ulfsson | Snaebjörn Galti
2%
Sakhaline 1640-1643 Russie Ivan Moskvitine | Maarten Gerritszoon de Vries
2%
Île de Pâques 1722 Chili Jakob Roggeveen
2%
Archipel de la Société, Polynésie française 1722 France Jakob Roggeveen
2%
Samoa 1722 Samoa Jakob Roggeveen
2%
São Tomé 1470 Sao Tomé-et-Principe João de Santarém | Pedro Escobar
2%
Tokelau 1765 Nouvelle-Zélande John Byron
2%
Nouvelle-Guinée 1526 Indonésie, Papouasie-Nouvelle-Guinée Jorge de Meneses
2%
Bermudes 1505 Royaume-Uni Juan de Bermúdez
2%
Koror 1543 Palaos Ruy López de Villalobos
2%
Îles Galápagos 1535 Équateur Tomas de Berlanga
2%
Niuafo'ou 1616 Tonga Willem Schouten | Jacob Le Maire
2%
Futuna, Wallis-et-Futuna 1616 France Willem Schouten | Jacob Le Maire
2%
île Bougainville 1616 Papouasie-Nouvelle-Guinée Willem Schouten | Jacob Le Maire
2%
Nouvelle-Bretagne 1700 Papouasie-Nouvelle-Guinée William Dampier
2%
Île Melville, Nunavut et Territoires du Nord-Ouest 1819 Canada William Edward Parry
2%
Île Banks, Territoires du Nord-Ouest 1820 Canada William Edward Parry
2%
Îles Cocos 1609 Australie William Keeling
2%
Aucun quiz correspondant
Distribution des résultats
% des personnes avec chaque résultat
Percentile par nombre de réponses
Votre historique - résultats
Vous n’avez pas pris ce quiz